Gestin̤ de riesgos del proponente en la contratacin̤ pb︢lica

Detalles Bibliográficos
Autor principal: Llamas Foliaco, Alfonso Carlos
Formato: eBook
Lenguaje:español
Publicado: Bogot:̀ Ediciones de la U, 2018
Materias:
Acceso en línea:Acceso restringido

MARC

LEADER 00000nam a22000007a 4500
005 2019111402482.0
007 cr|||| ||||
008 191114s2018 co |||||s|||| 00||0 spa d
020 |a 978-958-762-910-1 
035 |a 30672 
040 |a vLex 
090 |c 9999  |d 9999 
100 1 |a Llamas Foliaco, Alfonso Carlos 
245 1 0 |a Gestin̤ de riesgos del proponente en la contratacin̤ pb︢lica  |h [Recurso electrn̤ico] /  |c Alfonso Carlos Llamas Foliaco 
256 |a Servicio en ln̕ea 
260 |a Bogot:̀  |b Ediciones de la U,  |c 2018 
300 |a 1 recurso electrn̤ico 
500 |a Los riesgos empresariales o de mercado que ralentizan el desarrollo en Amřica Latina. 
506 1 |a Disponible solo en los productos indicados  |d vLex Global  |d vLex Global (Academic Edition, excluding Law Schools)  |d vLex Global (U.S. Academic Edition, Law Schools)  |d vLex Global (U.S. Academic Edition, excluding Law Schools)  |d vLex Global (Academic Edition, Law Schools) 
650 0 4 |a Derecho Pb︢lico y Administrativo  |z Colombia 
740 0 |a vLex Libros (Servicio en ln̕ea) 
856 4 0 |u http://vlex.com/source/gestion-de-riesgos-del-proponente-en-la-contratacion-publica-30672  |z Acceso restringido 
942 |c BOOK 
999 0 |a Public and Administrative Law